[Event "chess.com SpeedChess Q2Sw"]
[Site "chess.com INT"]
[Date "2022.11.12"]
[Round "2"]
[White "Steinberg, Nitzan"]
[Black "Mikhailov, Viacheslav"]
[Result "1-0"]
[WhiteTitle "GM"]
[BlackTitle "IM"]
[WhiteElo "2537"]
[BlackElo "2428"]
[WhiteFideId "2801795"]
[BlackFideId "4187369"]
[EventDate "2022.11.12"]

1. d4 Nf6 2. c4 g6 3. Nf3 Bg7 4. Nc3 O-O 5. e4 d6 6. Be2 Bg4 7. Be3 Nc6 8. O-O
e5 9. d5 Bxf3 10. Bxf3 Nd4 11. g3 Nxf3+ 12. Qxf3 Nd7 13. g4 Qh4 14. Qg3 Qxg3+
15. fxg3 a6 16. a4 a5 17. Kg2 c6 18. Rad1 Rfc8 19. dxc6 Rxc6 20. b3 Nf8 21. Nb5
Raa6 22. Rd2 Ne6 23. Rdf2 f6 24. Rd2 Kf7 25. h4 Ke7 26. Ba7 Rc8 27. Rfd1 h5 28.
gxh5 gxh5 29. Nxd6 Rd8 30. Nf5+ Kf7 31. Rxd8 1-0

[Event "chess.com SpeedChess Q2Sw"]
[Site "chess.com INT"]
[Date "2022.11.12"]
[Round "2"]
[White "Rakhmanov, Aleksandr"]
[Black "Zhu, Jiner"]
[Result "1-0"]
[WhiteTitle "GM"]
[BlackTitle "WGM"]
[WhiteElo "2630"]
[BlackElo "2486"]
[WhiteFideId "4173708"]
[BlackFideId "8608059"]
[EventDate "2022.11.12"]

1. d4 Nf6 2. c4 e6 3. Nc3 Bb4 4. e3 O-O 5. Bd3 d5 6. a3 Bxc3+ 7. bxc3 dxc4 8.
Bxc4 c5 9. Ne2 Nc6 10. O-O b6 11. Ng3 Qc7 12. Bd3 Rd8 13. Bb2 e5 14. Rc1 Be6 15.
f4 exf4 16. Rxf4 Qe7 17. Qf3 Rac8 18. Rf1 h6 19. Nf5 Bxf5 20. Rxf5 Rc7 21. Qg3
Ne4 22. Bxe4 Qxe4 23. Qxc7 Qxe3+ 24. Kh1 1-0

[Event "chess.com SpeedChess Q2Sw"]
[Site "chess.com INT"]
[Date "2022.11.12"]
[Round "2"]
[White "Yoo, Christopher Woojin"]
[Black "Ladan, Nicholas"]
[Result "1-0"]
[WhiteTitle "GM"]
[WhiteElo "2573"]
[BlackElo "2091"]
[WhiteFideId "30909694"]
[BlackFideId "30918855"]
[EventDate "2022.11.12"]

1. b4 e5 2. Bb2 Bxb4 3. Bxe5 Nf6 4. Nf3 d5 5. e3 O-O 6. Be2 c5 7. O-O Nc6 8.
Bxf6 Qxf6 9. c3 Ba5 10. d4 c4 11. Qc2 Bf5 12. Qb2 Rab8 13. a4 Rfe8 14. Na3 a6
15. Nd2 Bc7 16. Bf3 Ne7 17. Rfe1 b5 18. axb5 axb5 19. e4 dxe4 20. Nxe4 Qh6 21.
g3 Nd5 22. Nc5 Rxe1+ 23. Rxe1 Nxc3 24. Qxc3 b4 25. Qxb4 Be4 26. Rxe4 Qc1+ 27.
Kg2 Qh1+ 1-0

[Event "chess.com SpeedChess Q2Sw"]
[Site "chess.com INT"]
[Date "2022.11.12"]
[Round "2"]
[White "Larina, Maria"]
[Black "Aaditya, Dhingra"]
[Result "0-1"]
[WhiteTitle "WFM"]
[BlackTitle "CM"]
[WhiteElo "1948"]
[BlackElo "2172"]
[WhiteFideId "24113182"]
[BlackFideId "25678191"]
[EventDate "2022.11.12"]

1. e4 e5 2. Nf3 Nc6 3. Nc3 Nf6 4. Bb5 Bb4 5. O-O O-O 6. d3 Bxc3 7. Bxc6 bxc6 8.
bxc3 d6 9. h3 Re8 10. Re1 h6 11. d4 exd4 12. Qxd4 c5 13. Qd3 Bb7 14. Nd2 Qe7 15.
f3 Nh5 16. Nf1 f5 17. Qd1 fxe4 18. fxe4 Nf6 19. Ng3 Nxe4 20. Nxe4 Bxe4 21. Bf4
Qf7 22. Qd2 Qg6 23. Re2 Bf3 24. Rf2 Bc6 25. c4 Re4 26. Re1 Rd4 27. Qc3 Rxf4 28.
Rfe2 Raf8 29. g3 Rf3 0-1

[Event "chess.com SpeedChess Q2Sw"]
[Site "chess.com INT"]
[Date "2022.11.12"]
[Round "2"]
[White "Novik, Maxim"]
[Black "Muradli, Mahammad"]
[Result "0-1"]
[WhiteTitle "GM"]
[BlackTitle "GM"]
[WhiteElo "2412"]
[BlackElo "2540"]
[WhiteFideId "4102924"]
[BlackFideId "13409301"]
[EventDate "2022.11.12"]

1. e4 d6 2. d4 Nf6 3. Nc3 e5 4. Nf3 exd4 5. Nxd4 Be7 6. g3 O-O 7. Bg2 Nc6 8.
Nxc6 bxc6 9. e5 dxe5 10. Qxd8 Rxd8 11. Bxc6 Rb8 12. O-O Bf5 13. Ba4 Bc5 14. Bb3
Bh3 15. Re1 Ng4 16. Ne4 Bb6 17. Be3 Nxe3 18. fxe3 h6 19. Kf2 Kf8 20. Rad1 f5 21.
Nc3 c6 22. Na4 Bg4 23. Nxb6 Bxd1 24. Nc4 e4 25. Ne5 Rd2+ 26. Kg1 Bxc2 27. Bxc2
Rxb2 28. Bb3 Rg2+ 29. Kf1 Rbf2# 0-1

[Event "chess.com SpeedChess Q2Sw"]
[Site "chess.com INT"]
[Date "2022.11.12"]
[Round "2"]
[White "Vemparala, Nikash"]
[Black "Taboas Rodriguez, Daniel"]
[Result "0-1"]
[WhiteTitle "CM"]
[BlackTitle "FM"]
[WhiteElo "1976"]
[BlackElo "2359"]
[WhiteFideId "30960967"]
[BlackFideId "2208466"]
[EventDate "2022.11.12"]

1. e4 e5 2. Nf3 Nc6 3. d4 Nf6 4. dxe5 Nxe4 5. Qd5 Nc5 6. Bc4 Ne6 7. O-O Nb4 8.
Qd1 d5 9. Bb3 c6 10. c3 Na6 11. Bc2 Be7 12. Re1 O-O 13. Qd3 g6 14. Bh6 Re8 15.
Qd2 Ng7 16. Ng5 Nf5 17. Bxf5 Bxf5 18. e6 Bxg5 19. exf7+ Kxf7 20. Bxg5 Qxg5 21.
Qd1 Rxe1+ 22. Qxe1 Re8 23. Qf1 Nc5 24. Na3 Bd3 25. Qd1 Re2 26. b4 Qf4 27. f3
Qe3+ 28. Kh1 Qf2 29. Qg1 Na4 30. Qxf2 Rxf2 31. Re1 Nxc3 0-1

[Event "chess.com SpeedChess Q2Sw"]
[Site "chess.com INT"]
[Date "2022.11.12"]
[Round "2"]
[White "Andreassen, Lars"]
[Black "Jeet, Jain"]
[Result "0-1"]
[WhiteTitle "CM"]
[BlackTitle "FM"]
[WhiteElo "2168"]
[BlackElo "2139"]
[WhiteFideId "1504878"]
[BlackFideId "5073022"]
[EventDate "2022.11.12"]

1. d4 Nf6 2. Nf3 c5 3. e3 b6 4. Be2 Bb7 5. O-O d6 6. c4 e6 7. b3 g6 8. Bb2 Bg7
9. Nc3 O-O 10. Re1 a6 11. Qd2 Nbd7 12. Rad1 Qc7 13. d5 exd5 14. Nxd5 Nxd5 15.
Bxg7 Kxg7 16. cxd5 f5 17. Qb2+ Nf6 18. Ng5 Bc8 19. Bf3 Ra7 20. e4 h6 21. Ne6+
Bxe6 22. dxe6 fxe4 23. Rxe4 Qe7 24. h3 d5 25. Rxd5 Kh7 26. Rde5 Nxe4 27. Bxe4
Qf6 28. f4 Re7 29. Qc2 Rxe6 30. Bxg6+ Kg7 31. Rxe6 Qxe6 32. f5 Qe1+ 33. Kh2 Qe5+
34. Kh1 Rd8 35. Qc4 Rd1+ 0-1

[Event "chess.com SpeedChess Q2Sw"]
[Site "chess.com INT"]
[Date "2022.11.12"]
[Round "2"]
[White "Shipov, Sergei"]
[Black "Oparin, Grigoriy"]
[Result "1-0"]
[WhiteTitle "GM"]
[BlackTitle "GM"]
[WhiteElo "2541"]
[BlackElo "2683"]
[WhiteFideId "4113624"]
[BlackFideId "24125890"]
[EventDate "2022.11.12"]

1. d4 d6 2. Nf3 Nf6 3. c4 g6 4. Nc3 Bg7 5. e4 Nbd7 6. Be2 e5 7. O-O a5 8. Be3
O-O 9. Qc2 Re8 10. Rad1 Ng4 11. Bg5 Bf6 12. Bc1 exd4 13. Nxd4 Nc5 14. f3 Ne5 15.
Ndb5 Be6 16. Be3 Qe7 17. b3 Rad8 18. Nd5 Bxd5 19. cxd5 Bg7 20. a3 c6 21. dxc6
bxc6 22. Nxd6 Ne6 23. Nxe8 Rxe8 24. f4 Nd7 25. Qxc6 Ndf8 26. e5 Rb8 27. Bc4 Qxa3
28. f5 gxf5 29. Rxf5 a4 30. Qxa4 Qb2 31. Rdf1 Kh8 32. Rxf7 Qxe5 33. Qa7 Re8 34.
Kh1 h5 35. h3 h4 36. R7f5 Qg3 37. Qf7 Rd8 38. Rh5+ Nh7 39. Bxe6 Qxe3 1-0

[Event "chess.com SpeedChess Q2Sw"]
[Site "chess.com INT"]
[Date "2022.11.12"]
[Round "2"]
[White "Alahakoon, Isuru"]
[Black "Tokhirjonova, Gulrukhbegim"]
[Result "0-1"]
[WhiteTitle "FM"]
[BlackTitle "WGM"]
[WhiteElo "1984"]
[BlackElo "2328"]
[WhiteFideId "9900993"]
[BlackFideId "14203626"]
[EventDate "2022.11.12"]

1. Nf3 d5 2. e3 Nf6 3. c4 e6 4. b3 Be7 5. Bb2 O-O 6. Nc3 c5 7. cxd5 exd5 8. Rc1
Nc6 9. d4 Bg4 10. Be2 Ne4 11. O-O cxd4 12. Nxd4 Bxe2 13. Ncxe2 Rc8 14. Nxc6 bxc6
15. Nd4 Qd7 16. Qh5 Bf6 17. Qe2 Rfe8 18. f3 Nd6 19. Rfd1 c5 20. Nb5 Bxb2 21.
Qxb2 Nxb5 22. a4 Nc7 23. Rxc5 Qe7 24. Rdc1 Qxe3+ 25. Kf1 Qd3+ 26. Kf2 Qa6 27.
Qc2 Qb6 28. Kf1 Qa6+ 29. Kg1 Re2 30. Qc3 d4 0-1

[Event "chess.com SpeedChess Q2Sw"]
[Site "chess.com INT"]
[Date "2022.11.12"]
[Round "2"]
[White "Primbetov, Kazbek"]
[Black "Balaji, Aaravamudhan"]
[Result "0-1"]
[WhiteTitle "FM"]
[BlackTitle "CM"]
[WhiteElo "2156"]
[BlackElo "2353"]
[WhiteFideId "13702297"]
[BlackFideId "436224"]
[EventDate "2022.11.12"]

1. d4 e6 2. Nf3 d5 3. e3 Nf6 4. Bd3 Bd6 5. b3 O-O 6. Bb2 b6 7. Nbd2 Bb7 8. O-O
Nbd7 9. Ne5 c5 10. Qf3 Qc7 11. Qh3 Nxe5 12. dxe5 Bxe5 13. Bxe5 Qxe5 14. Nf3 Qc7
15. c3 e5 16. Bf5 Bc8 17. Rad1 Bxf5 18. Qxf5 Rfe8 19. e4 d4 20. c4 Rad8 21. Ne1
Qd7 22. Qxd7 Rxd7 23. f3 Red8 24. Nd3 Re7 25. g3 Ne8 26. Rfe1 Nc7 27. f4 exf4
28. gxf4 Rde8 29. e5 f6 30. Kg2 fxe5 31. fxe5 Ne6 32. Rf1 Ng5 33. Rde1 Nf7 34.
Re4 Nxe5 35. Rfe1 Nc6 36. Kf3 Rxe4 37. Rxe4 Kf7 38. Rxe8 Kxe8 39. Ke4 Kd7 40.
Kd5 a5 41. a3 g5 42. Ke4 Ke6 43. h3 h5 44. Kf3 Ne5+ 45. Nxe5 Kxe5 0-1

[Event "chess.com SpeedChess Q2Sw"]
[Site "chess.com INT"]
[Date "2022.11.12"]
[Round "2"]
[White "Sjugirov, Sanan"]
[Black "Aghasiyev, Kamal"]
[Result "1/2-1/2"]
[WhiteTitle "GM"]
[BlackTitle "IM"]
[WhiteElo "2712"]
[BlackElo "2441"]
[WhiteFideId "4189302"]
[BlackFideId "13402854"]
[EventDate "2022.11.12"]

1. d4 d5 2. c4 e6 3. Nc3 Nf6 4. cxd5 exd5 5. Bg5 c6 6. e3 Nbd7 7. Bd3 Be7 8.
Nge2 h6 9. Bh4 Nh5 10. Bxe7 Qxe7 11. Qc2 Nb6 12. O-O-O Bd7 13. Kb1 O-O-O 14. Ng3
Nxg3 15. hxg3 Kb8 16. Rc1 Qf6 17. Rhf1 h5 18. Ne2 h4 19. gxh4 Rxh4 20. a4 Nc8
21. a5 a6 22. Nc3 Nd6 23. Na4 Bf5 24. Nc5 Bxd3 25. Nxd3 Nc4 26. Qc3 Rh2 27. g3
Qf5 28. Ka2 Rc8 29. Nc5 Ka8 30. Qb4 Rb8 31. Na4 Rxf2 32. Rxf2 Qxf2 33. Rxc4 dxc4
34. Nb6+ Ka7 35. Qc5 Rd8 36. Nxc4+ Kb8 37. Qe5+ Ka7 38. Qc5+ Kb8 39. Qe5+ Ka7
40. Qc5+ 1/2-1/2

[Event "chess.com SpeedChess Q2Sw"]
[Site "chess.com INT"]
[Date "2022.11.12"]
[Round "2"]
[White "Goroshkov, Maksym"]
[Black "Ilkhomi, Jaloliddin"]
[Result "1-0"]
[WhiteTitle "FM"]
[BlackTitle "FM"]
[WhiteElo "2261"]
[BlackElo "2145"]
[WhiteFideId "14142716"]
[BlackFideId "14700948"]
[EventDate "2022.11.12"]

1. e4 e6 2. d4 d5 3. exd5 exd5 4. c4 Bb4+ 5. Nc3 c6 6. Nf3 Ne7 7. Be2 O-O 8. O-O
Bf5 9. Bg5 f6 10. Bf4 Bd6 11. Bxd6 Qxd6 12. cxd5 cxd5 13. Qb3 Nbc6 14. Rac1 a6
15. Na4 b5 16. Nc5 Na5 17. Qc3 Nc4 18. b3 Nb6 19. Bd3 Rac8 20. Rfe1 Bg4 21. Bb1
Bxf3 22. Qxf3 Ng6 23. Qh5 Nd7 24. b4 Nxc5 25. bxc5 Qf4 26. Qxd5+ Kh8 27. Qh5 Kg8
28. d5 Rfe8 29. Bxg6 hxg6 30. Qxg6 Re5 31. g3 Qd4 32. Red1 Qb2 33. d6 Rd5 34.
Qg4 Rcxc5 35. Rxc5 Rxc5 36. d7 1-0

[Event "chess.com SpeedChess Q2Sw"]
[Site "chess.com INT"]
[Date "2022.11.12"]
[Round "2"]
[White "Fernandez Siles, Luis"]
[Black "Han, Yichen"]
[Result "0-1"]
[WhiteTitle "FM"]
[BlackTitle "FM"]
[WhiteElo "2220"]
[BlackElo "2423"]
[WhiteFideId "2209420"]
[BlackFideId "1054430"]
[EventDate "2022.11.12"]

1. e4 c5 2. Nf3 Nf6 3. Nc3 e6 4. d4 cxd4 5. Nxd4 Nc6 6. Nxc6 bxc6 7. Bd3 Bb4 8.
O-O e5 9. Ne2 d5 10. Ng3 h6 11. Qe2 O-O 12. c4 Bg4 13. f3 Be6 14. cxd5 cxd5 15.
exd5 Qxd5 16. Rd1 Qa5 17. a3 Bc5+ 18. Be3 Nd5 19. Bxc5 Qxc5+ 20. Kh1 Nf4 21. Qd2
Rad8 22. Qc2 Nxd3 0-1

[Event "chess.com SpeedChess Q2Sw"]
[Site "chess.com INT"]
[Date "2022.11.12"]
[Round "2"]
[White "Manukian, Artak"]
[Black "Azarov, Sergei"]
[Result "0-1"]
[BlackTitle "GM"]
[WhiteElo "2196"]
[BlackElo "2562"]
[WhiteFideId "13301373"]
[BlackFideId "13501470"]
[EventDate "2022.11.12"]

1. e4 e5 2. Nf3 Nc6 3. d4 exd4 4. Nxd4 Bc5 5. Nxc6 Qf6 6. Qf3 bxc6 7. Bc4 d6 8.
Nc3 Qxf3 9. gxf3 Ne7 10. h4 Be6 11. Bd3 O-O 12. h5 f5 13. Be3 Bxe3 14. fxe3 fxe4
15. fxe4 c5 16. b3 Nc6 17. h6 g6 18. Nd5 Bxd5 19. exd5 Ne5 20. Ke2 Rf6 21. Raf1
Raf8 22. Rxf6 Rxf6 23. Rh4 g5 24. Ra4 Rxh6 25. Rxa7 Rh2+ 26. Kf1 g4 27. Rxc7 h5
28. Be4 h4 29. Rh7 g3 30. Rh5 Kf7 31. a4 h3 32. Kg1 Ng4 33. a5 g2 34. Rh7+ Kf6
35. Rxh3 Rxh3 36. Kxg2 Rxe3 37. Bd3 Re7 38. a6 Ke5 39. Kf3 Nf6 0-1

[Event "chess.com SpeedChess Q2Sw"]
[Site "chess.com INT"]
[Date "2022.11.12"]
[Round "2"]
[White "Guzman Moneo, Alberto"]
[Black "Janaszak, Dawid"]
[Result "1-0"]
[WhiteTitle "CM"]
[BlackTitle "FM"]
[WhiteElo "2146"]
[BlackElo "2322"]
[WhiteFideId "2209616"]
[BlackFideId "1119206"]
[EventDate "2022.11.12"]

1. e4 c5 2. Nc3 e6 3. Nge2 d5 4. exd5 exd5 5. d4 Nf6 6. g3 Bg4 7. Bg2 cxd4 8.
Qxd4 Nc6 9. Qa4 Be7 10. h3 Bd7 11. Qf4 O-O 12. O-O Nb4 13. Qd2 Ne4 14. Nxe4 dxe4
15. Nc3 f5 16. Nd5 Nxd5 17. Qxd5+ Kh8 18. Be3 Qc7 19. Rfd1 Rad8 20. Qb3 b6 21.
Rd2 Bf6 22. Rad1 Bc6 23. Bf4 Qc8 24. c3 h6 25. h4 Rd7 26. Rxd7 Bxd7 27. Rd6 Be7
28. Rd2 Be6 29. Qd1 Kh7 30. a3 a5 31. Bd6 Re8 32. Bxe7 Rxe7 33. Rd6 Qc5 34. Qd4
Qb5 35. b4 axb4 36. axb4 Qe2 37. Qxb6 f4 38. Rxe6 Rxe6 39. Qxe6 f3 40. Bf1 Qe1
41. h5 Kh8 42. b5 Qxc3 43. Qxe4 Qb3 44. Qc6 Qd1 45. b6 Qb1 46. b7 Kh7 47. Qg6+ 1-0

[Event "chess.com SpeedChess Q2Sw"]
[Site "chess.com INT"]
[Date "2022.11.12"]
[Round "2"]
[White "Sadovsky, Artem"]
[Black "Martinez Alcantara, Jose Eduardo"]
[Result "0-1"]
[WhiteTitle "IM"]
[BlackTitle "GM"]
[WhiteElo "2276"]
[BlackElo "2597"]
[WhiteFideId "4155840"]
[BlackFideId "3805662"]
[EventDate "2022.11.12"]

1. Nf3 c5 2. e3 Nf6 3. c4 e6 4. b3 b6 5. Bb2 Bb7 6. Be2 Be7 7. O-O O-O 8. d4
cxd4 9. Nxd4 d6 10. Bf3 Qc8 11. Nc3 a6 12. Rc1 Nbd7 13. Bxb7 Qxb7 14. Qf3 Qxf3
15. Nxf3 Rfc8 16. Rfd1 Rab8 17. Nd4 Nc5 18. f3 Rb7 19. Kf2 h5 20. Ke2 Rbc7 21.
e4 Ncd7 22. a4 Rb7 23. Ba3 Bf8 24. Na2 Nc5 25. Rc3 g6 26. Nc2 Rbc7 27. Bxc5 bxc5
28. Rcd3 Nd7 29. Nc1 Ne5 30. R3d2 Rb8 31. f4 Nc6 32. g3 Rcb7 33. Rd3 Na5 34. Na1
Nc6 35. Nc2 Be7 36. Rf1 Kg7 37. h4 f5 38. exf5 gxf5 39. Re3 Kf7 40. Rd3 Na5 41.
Rff3 Nc6 42. Rf1 Rb6 43. Rff3 Bf6 44. Rf1 Bd4 45. Rff3 Kg6 46. Kd1 e5 47. fxe5
dxe5 48. Nxd4 cxd4 49. Rd2 e4 50. Rf4 d3 51. Rdf2 Ne7 52. Kd2 a5 53. Ke3 Rd8 54.
Kd2 Re6 55. Ke3 Re5 56. Na2 Ng8 57. b4 Nh6 58. b5 Rc5 59. Nc3 Rxc4 60. Kd2 e3+
61. Kxe3 Rxc3 62. Kd2 Rc2+ 63. Ke3 Ng4+ 64. Rxg4+ hxg4 65. h5+ Kg5 66. Rxf5+
Kxf5 67. h6 Re2# 0-1

[Event "chess.com SpeedChess Q2Sw"]
[Site "chess.com INT"]
[Date "2022.11.12"]
[Round "2"]
[White "Koc, Przemyslaw"]
[Black "Lakshmi, C"]
[Result "1-0"]
[BlackTitle "WFM"]
[WhiteElo "2346"]
[BlackElo "1956"]
[WhiteFideId "1109081"]
[BlackFideId "25035347"]
[EventDate "2022.11.12"]

1. d4 Nf6 2. Nf3 e6 3. Bg5 d5 4. Nbd2 Be7 5. e3 O-O 6. Bd3 c5 7. c3 Nc6 8. O-O
b6 9. Ne5 Bb7 10. Qa4 Qc7 11. f4 a6 12. Rae1 b5 13. Qd1 cxd4 14. exd4 b4 15. f5
bxc3 16. bxc3 Nxe5 17. dxe5 Bc5+ 18. Kh1 Ne4 19. Nxe4 dxe4 20. Bxe4 Bxe4 21.
Rxe4 exf5 22. Rxf5 Bb6 23. Rf3 Qc6 24. Rg4 Kh8 25. h4 Qc5 26. Be3 Qc8 27. Rgf4
Rd8 28. Qf1 Bxe3 29. Rxe3 Qc5 30. Ref3 Qxe5 31. Rxf7 Rg8 32. R7f5 Qe7 33. Rf7
Qxh4+ 34. Kg1 Qg5 35. Rh3 Qc5+ 36. Kh1 h6 37. Rxh6+ gxh6 38. Qf6+ Rg7 39. Qxg7# 1-0

[Event "chess.com SpeedChess Q2Sw"]
[Site "chess.com INT"]
[Date "2022.11.12"]
[Round "2"]
[White "Kamsky, Gata"]
[Black "Erdogdu, Mert"]
[Result "1-0"]
[WhiteTitle "GM"]
[BlackTitle "GM"]
[WhiteElo "2666"]
[BlackElo "2413"]
[WhiteFideId "2000024"]
[BlackFideId "6301495"]
[EventDate "2022.11.12"]

1. d4 Nf6 2. Bf4 g6 3. c3 Bg7 4. Nf3 d6 5. h3 O-O 6. Nbd2 c5 7. dxc5 dxc5 8. e4
Nc6 9. Be2 h6 10. Bh2 Be6 11. O-O Nd7 12. Qc2 Qb6 13. Nc4 Bxc4 14. Bxc4 Nce5 15.
Nxe5 Nxe5 16. Bxe5 Bxe5 17. f4 Bg7 18. e5 e6 19. g4 Rad8 20. Rae1 Qc6 21. a4 a6
22. a5 Qc7 23. f5 exf5 24. gxf5 Bxe5 25. fxg6 Bf4 26. Qf5 Bg5 27. gxf7+ Kg7 28.
Re2 Qg3+ 29. Rg2 Qe3+ 30. Kh1 Rd2 31. Rxd2 Qxd2 32. Bd3 1-0

[Event "chess.com SpeedChess Q2Sw"]
[Site "chess.com INT"]
[Date "2022.11.12"]
[Round "2"]
[White "Bortnyk, Olexandr"]
[Black "Aditya, Mittal"]
[Result "1-0"]
[WhiteTitle "GM"]
[BlackTitle "IM"]
[WhiteElo "2604"]
[BlackElo "2486"]
[WhiteFideId "14120828"]
[BlackFideId "35042025"]
[EventDate "2022.11.12"]

1. e4 e5 2. Nf3 Nc6 3. Bb5 Nf6 4. Qe2 Bc5 5. c3 O-O 6. d3 d6 7. h3 h6 8. Nbd2 a6
9. Ba4 b5 10. Bc2 Bb7 11. Nf1 d5 12. g4 b4 13. g5 hxg5 14. Bxg5 Be7 15. Rg1 bxc3
16. bxc3 a5 17. Nh4 dxe4 18. Bh6 g6 19. dxe4 Kh7 20. Bxf8 Bxf8 21. Ne3 Nh5 22.
Nhg2 Ba6 23. Qf3 Nd4 24. Qxf7+ Kh8 25. Bd1 Nf4 26. Nxf4 exf4 27. Rxg6 1-0

[Event "chess.com SpeedChess Q2Sw"]
[Site "chess.com INT"]
[Date "2022.11.12"]
[Round "2"]
[White "Manukyan, Sargis V."]
[Black "Podobnik, Marijan"]
[Result "1-0"]
[WhiteTitle "FM"]
[BlackTitle "FM"]
[WhiteElo "2253"]
[BlackElo "2118"]
[WhiteFideId "13303465"]
[BlackFideId "14502151"]
[EventDate "2022.11.12"]

1. Nf3 Nf6 2. g3 g6 3. b3 Bg7 4. Bb2 O-O 5. c4 c6 6. Bg2 d5 7. cxd5 cxd5 8. O-O
Nc6 9. d4 Bf5 10. Nc3 Ne4 11. Rc1 Nxc3 12. Bxc3 Be4 13. Qd2 Rc8 14. Rfd1 Re8 15.
Ne5 Bxg2 16. Kxg2 e6 17. Bb2 Bf8 18. Nd3 Bd6 19. h4 h5 20. Rc2 Qd7 21. Rdc1 b6
22. Nf4 Bxf4 23. Qxf4 Ne7 24. Ba3 Rxc2 25. Rxc2 Rc8 26. Rxc8+ Nxc8 27. Qf6 a6
28. Bb4 a5 29. Bd2 Qe7 30. Qe5 Qd6 31. Qf6 Qe7 32. Qf3 Nd6 33. Bg5 Qf8 34. Bf6
Ne4 35. Be5 Qe7 36. Qd3 f6 37. Bb8 Kf7 38. Qb5 Qb7 39. Bf4 Ke7 40. b4 axb4 41.
Qxb4+ Kf7 42. f3 g5 43. Be3 Qe7 44. Qxe7+ Kxe7 45. fxe4 dxe4 46. hxg5 fxg5 47.
Bxg5+ Kd6 48. e3 Kd5 49. Bd8 b5 50. a3 Kc4 51. Kf2 Kd3 52. Be7 Kd2 53. Bb4+ Kd3
54. Be1 Kc2 55. Ke2 Kb2 56. Bb4 Kc2 57. Be7 Kc3 58. Bc5 Kc2 59. Kf2 Kd2 60. Kg2
Ke2 61. Kh3 Kf3 62. Kh4 Kf2 63. Kxh5 Kxg3 64. Kg5 Kf3 65. Kf6 Ke2 66. Kxe6 Kxe3
67. d5+ Kd3 68. d6 e3 69. Bxe3 Kxe3 70. d7 1-0

[Event "chess.com SpeedChess Q2Sw"]
[Site "chess.com INT"]
[Date "2022.11.12"]
[Round "2"]
[White "Feng, Eric"]
[Black "Harsha, Bharathakoti"]
[Result "0-1"]
[BlackTitle "GM"]
[WhiteElo "1885"]
[BlackElo "2582"]
[WhiteFideId "30952590"]
[BlackFideId "5078776"]
[EventDate "2022.11.12"]

1. d4 f6 2. Nf3 f5 3. h4 Nf6 4. c4 e6 5. Nc3 Bb4 6. Bg5 Bxc3+ 7. bxc3 h6 8. Bf4
b6 9. e3 Bb7 10. Bd3 Ne4 11. Qc2 d6 12. h5 Nd7 13. Nh4 Nf8 14. f3 Nf6 15. d5
Nxh5 16. dxe6 Nxf4 17. exf4 Nxe6 18. Bxf5 Qf6 19. O-O-O O-O-O 20. Rhe1 Qxh4 21.
Rxe6 Qxf4+ 22. Kb1 Kb8 23. Rde1 Qxc4 24. Re7 Qb5+ 25. Ka1 Rhe8 26. Bd7 Rxe7 27.
Bxb5 Rxe1+ 28. Kb2 Re5 29. Bd3 g5 30. Qd2 h5 31. Qf2 h4 32. Kc2 Rf8 33. a3 a5
34. Qd4 Bc6 35. Qg4 Kb7 36. Qc4 Rf4 37. Qa6+ Kb8 38. Kd2 Bb7 0-1

[Event "chess.com SpeedChess Q2Sw"]
[Site "chess.com INT"]
[Date "2022.11.12"]
[Round "2"]
[White "Onslow, Alfie"]
[Black "Vidit, Santosh Gujrathi"]
[Result "0-1"]
[BlackTitle "GM"]
[WhiteElo "2115"]
[BlackElo "2724"]
[WhiteFideId "436976"]
[BlackFideId "5029465"]
[EventDate "2022.11.12"]

1. e4 e6 2. d4 d5 3. e5 c5 4. c3 Nc6 5. Nf3 Bd7 6. a3 Rc8 7. Be2 Nge7 8. b4 cxd4
9. cxd4 Ng6 10. h4 h6 11. h5 Nge7 12. g4 Qb6 13. Be3 a6 14. Nbd2 Na7 15. Rb1 Nb5
16. Bxb5 Bxb5 17. Nf1 a5 18. a4 Bc4 19. b5 Rc7 20. Rc1 Nc8 21. N1d2 Bb4 22. Rxc4
Rxc4 23. O-O Rc3 24. Nb1 Rc7 25. Qd3 Ne7 26. Kg2 Rc8 27. Bd2 Qc7 28. Rc1 Qd7 29.
Rxc8+ Qxc8 30. Bxb4 axb4 31. Qd2 Qc4 32. Qb2 O-O 33. Nfd2 Qe2 34. Kg3 f5 35. g5
f4+ 36. Kh2 Qxf2+ 37. Kh1 Nf5 38. Qxb4 Ng3# 0-1

[Event "chess.com SpeedChess Q2Sw"]
[Site "chess.com INT"]
[Date "2022.11.12"]
[Round "2"]
[White "Mardov, Dimitar"]
[Black "Nyzhnyk, Illya"]
[Result "1-0"]
[WhiteTitle "IM"]
[BlackTitle "GM"]
[WhiteElo "2432"]
[BlackElo "2687"]
[WhiteFideId "30919495"]
[BlackFideId "14118084"]
[EventDate "2022.11.12"]

1. d4 d5 2. c4 c6 3. Nf3 Nf6 4. e3 Bf5 5. Nc3 e6 6. Nh4 Be4 7. f3 Bg6 8. Qb3 Qc7
9. Bd2 Be7 10. Nxg6 hxg6 11. O-O-O dxc4 12. Bxc4 b5 13. Be2 a6 14. Ne4 Nxe4 15.
fxe4 c5 16. Kb1 c4 17. Qc2 Nc6 18. e5 Nb4 19. Bxb4 Bxb4 20. h4 a5 21. h5 gxh5
22. Bxh5 a4 23. Rdf1 g6 24. Bf3 Rxh1 25. Rxh1 Rc8 26. Rh8+ Bf8 27. Qc3 Kd7 28.
Rh7 Ke8 29. d5 b4 30. Qd4 c3 31. dxe6 cxb2 32. Qd7+ Qxd7 33. exd7+ Kxd7 34. Bg4+ 1-0

[Event "chess.com SpeedChess Q2Sw"]
[Site "chess.com INT"]
[Date "2022.11.12"]
[Round "2"]
[White "Yang, Kevin"]
[Black "Boruchovsky, Avital"]
[Result "0-1"]
[BlackTitle "GM"]
[WhiteElo "2082"]
[BlackElo "2552"]
[WhiteFideId "30908485"]
[BlackFideId "2800055"]
[EventDate "2022.11.12"]

1. Nf3 d5 2. g3 Nd7 3. d4 c6 4. Bg2 g6 5. O-O Ngf6 6. b3 a5 7. c4 a4 8. Na3 Bg7
9. Bb2 O-O 10. b4 Ne4 11. Qc2 Ndf6 12. c5 Bf5 13. Qd1 Qc8 14. Ne5 Bh3 15. f3
Bxg2 16. Kxg2 Ng5 17. Bc1 Qh3+ 18. Kh1 Ne6 19. Nc2 Nh5 20. Rg1 f5 21. f4 Nf6 22.
Ne3 Ne4 23. Rg2 Rad8 24. a3 Bxe5 25. dxe5 d4 26. Nc4 g5 27. Qxa4 d3 28. Qd1 Nc3
29. Qe1 Nxe2 30. fxg5 f4 31. Bxf4 N6xf4 32. gxf4 Rxf4 33. Nd2 Rdf8 34. g6 h6 0-1